El Cambio cultural y las diferencias de fecundidad en Guatemala

Guardado en:
Bibliografiske detaljer
Hovedforfatter: Méndez Domínguez, Alfredo
Institution som forfatter: Guatemala. Ministerio de Educación
Format: Texto
Udgivet: Guatemala: CENALTEX
Tags: Tilføj Tag
Ingen Tags, Vær først til at tagge denne postø!

MARC

LEADER 00000 a a2200000 04500
001 22477
003
040
090 |a 153600  
100 |a Méndez Domínguez, Alfredo  
110 |a Guatemala. Ministerio de Educación  
245 |a El Cambio cultural y las diferencias de fecundidad en Guatemala  
260 |a Guatemala:   |b CENALTEX  
300 |a 206 p.; n. 44   |b **no definido**   |b fonodiscos  
999 |c 601  |d 601